[Event "Pan American-ch School U13 Girls 12th"]
[Site "Callao"]
[Date "2023.10.21"]
[Round "9"]
[White "Ascama Paredes, Sofia Elvira"]
[Black "Florez Huaman, Areli Oriana"]
[Result "1/2-1/2"]
[WhiteElo "1280"]
[BlackElo "1245"]
[PlyCount "82"]
[EventDate "2023.10.16"]
[EventType "swiss"]
[EventRounds "9"]
[EventCountry "PER"]
[SourceTitle "Mega2024 Update 01"]
[Source "Chessbase"]
[SourceDate "2023.11.12"]
[SourceVersion "1"]
[SourceVersionDate "2023.11.12"]
[SourceQuality "1"]

1. d4 Nf6 2. Nf3 g6 3. g3 Bg7 4. Bg2 0-0 5. 0-0 d6 6. c4 Nbd7 7. Nc3 e5 8. dxe5 Nxe5 9. Nxe5 dxe5 10. Bg5 Qxd1 11. Rfxd1 c6 12. b3 h6 13. Bxf6 Bxf6 14. Rac1 Bf5 15. Be4 Be6 16. Bf3 Rfd8 17. e4 Rxd1+ 18. Rxd1 Rd8 19. c5 Rxd1+ 20. Bxd1 Bg5 21. Kf1 Bd2 22. Na4 Kf8 23. Nb2 Bc3 24. Nd3 f5 25. f3 Ke7 26. g4 fxg4 27. fxg4 Kf6 28. h4 Bd4 29. Kg2 b6 30. cxb6 axb6 31. Nb4 c5 32. Nd5+ Bxd5 33. exd5 e4 34. Bc2 e3 35. Kf3 g5 36. hxg5+ hxg5 37. Bf5 Ke5 38. Be6 Kd6 39. a4 Ke5 40. Ke2 Kd6 41. Kd3 Ke7 1/2-1/2

[Event "Pan American-ch School U13 Girls 12th"]
[Site "Callao"]
[Date "2023.10.20"]
[Round "8"]
[White "Florez Huaman, Areli Oriana"]
[Black "Vizcarra Quispe, Ramalia Bellaluz"]
[Result "0-1"]
[WhiteElo "1245"]
[BlackElo "1499"]
[PlyCount "70"]
[EventDate "2023.10.16"]
[EventType "swiss"]
[EventRounds "9"]
[EventCountry "PER"]
[SourceTitle "Mega2024 Update 01"]
[Source "Chessbase"]
[SourceDate "2023.11.12"]
[SourceVersion "1"]
[SourceVersionDate "2023.11.12"]
[SourceQuality "1"]

1. e4 g6 2. d4 Bg7 3. Nf3 d6 4. Bc4 Nc6 5. Nc3 Bg4 6. Bxf7+ Kf8 7. Bxg8 Kxg8 8. Be3 h5 9. h3 Bxf3 10. gxf3 e5 11. dxe5 Nxe5 12. Qd5+ Kh7 13. f4 Nf3+ 14. Ke2 Nh4 15. Rag1 c6 16. Qb3 d5 17. exd5 Nf5 18. Ne4 Qe7 19. Ng5+ Kh6 20. c3 Bd4 21. Ne6 Bxe3 22. fxe3 cxd5 23. Qxd5 Rhe8 24. Rxg6+ Kxg6 25. Rg1+ Kh6 26. Qxf5 Rg8 27. Ng5 Raf8 28. Qe6+ Qxe6 29. Nxe6 Rxg1 30. Nxf8 Rh1 31. e4 Rxh3 32. e5 Rg3 33. e6 Rg7 34. f5 Kg5 35. Kf3 Kxf5 0-1